Messi vs Ronaldo - Statistics

General Stats
  • This quiz has been taken 280 times
    269 since last reset
  • The average score is 10 of 15
Answer Stats
Question Answer % Correct
Career Goals
100%
The Most Assists
95%
UEFA Champions League Titles
90%
Yellow Cards received
86%
Goals for the National Team
86%
Career Titles
81%
Goals in UEFA Champions League
81%
Who has more Ballon d'Or + "The Best" Award
81%
Goals for a single Club
81%
Who has a title for the National Team
67%
The Most National Championships Titles (European Leagues)
52%
Who has more children
52%
Assists in UEFA Champions League
43%
Who missed the most penalties in career
38%
Who has never won a FIFA World Cup
5%
No matching quizzes found
Score Distribution
Percent of People with Each Score
Percentile by Number Answered
Your Score History
You have not taken this quiz since the last reset